| 000 | 00694nam a2200205 i 4500 | ||
|---|---|---|---|
| 001 | 150492 | ||
| 003 | ES-MaACL | ||
| 005 | 20260203115606.0 | ||
| 007 | t| | ||
| 008 | 071031s1903 sp ||||1| spa d | ||
| 100 | 1 |
_aValera, Luis, _d1870-1927 _9146515 |
|
| 245 | 1 | 0 |
_aVisto y soñado / _cpor Luis Valera, marqués de Villasinda. |
| 260 |
_aMadrid : _bEst. Tip. de la Viuda e Hijos de Tello, _c1903. |
||
| 300 |
_a283 p. ; _c19 cm. |
||
| 505 | 8 | _aContiene: Yoshi-San La Musmé ; La esfera prodigiosa ; El hijo del banián ; Dyusandir y Ganitriya | |
| 530 | _aDisponible en formato digital. | ||
| 852 |
_aES-MaACL _jF-12577 _cSPP2 |
||
| 942 | _2udc | ||
| 999 |
_c150492 _d150492 |
||